| 000 | 00488nam a2200157 i 4500 | ||
|---|---|---|---|
| 001 | 129335 | ||
| 003 | ES-MaACL | ||
| 005 | 20230906193500.0 | ||
| 007 | t| | ||
| 008 | 070612s1955 sp ||||1| spa d | ||
| 100 | 1 |
_aTerrón Albarrán, Manuel. _9109799 |
|
| 245 | 1 | 3 |
_aLa sierra destronada (Fotografías, dibujos y croquis del autor) / _cManuel Terrón Albarrán. |
| 260 |
_aBadajoz : _bArqueros, _c1955. |
||
| 300 |
_a78 p. : _bil. ; _c22 cm. |
||
| 852 |
_aES-MaACL _j1982-F-16 _bR.37679 |
||
| 999 |
_c129335 _d129335 |
||